駅名に「楽」を含む駅 - Statistics

General Stats
  • This quiz has been taken 77 times
  • The average score is 9 of 22
Answer Stats
Hint Answer % Correct
水戸市 偕楽園
69%
文京区 後楽園
69%
釧路市 大楽毛
67%
釧路市 新大楽毛
59%
千代田区 有楽町
50%
横浜市 白楽
50%
恵那市 極楽
50%
新宿区 神楽坂
48%
横浜市 東白楽
48%
鎌倉市 極楽寺
42%
旭川市 西神楽
41%
新宿区 牛込神楽坂
41%
西宮市 苦楽園口
41%
広島市 楽々園
41%
高野町 極楽橋
38%
犬山市 楽田
36%
東海市 聚楽園
31%
旭川市 神楽岡
30%
甲賀市 信楽
30%
甲賀市 紫香楽宮跡
22%
広島市 長楽寺
9%
富山市 龍谷富山高校前(永楽町)
6%
No matching quizzes found
Score Distribution
Percent of People with Each Score
Percentile by Number Answered
Your Score History
You have not taken this quiz